یکساں سو ل کو ڈ تا ر یخ کے تناظر میں (Record no. 147085)

MARC details
000 -LEADER
fixed length control field 00949nam a22002177a 4500
005 - DATE AND TIME OF LATEST TRANSACTION
control field 20171129122321.0
010 ## - LCCN (DPL NO)
LC control number UR-9873
020 6# - INTERNATIONAL STANDARD BOOK NUMBER
Terms of availability 15.00
035 ## - SYSTEM CONTROL NUMBER
System control number U-8428
037 ## - SOURCE OF ACQUISITION
Source of stock number/acquisition DBAD/PUB
082 ## - DEWEY DECIMAL CLASSIFICATION NUMBER
Classification number 070.4
100 ## - MAIN ENTRY--PERSONAL NAME
Personal name عمر حیات خا ن غو ر ی
245 ## - TITLE STATEMENT
Title یکساں سو ل کو ڈ تا ر یخ کے تناظر میں
Statement of responsibility, etc عمر حیات خا ن غو ر ی
246 ## - VARYING FORM OF TITLE
Remainder of title
Title proper/short title Yaksan Civil Code:Tareekh Ke Tanazur mein
250 ## - EDITION STATEMENT
Edition statement by Prof. Umer Hayat Khan Ghouri
260 ## - PUBLICATION, DISTRIBUTION, ETC. (IMPRINT)
Place of publication, distribution, etc نئی د لی
Name of publisher, distributor, etc Merkazi Maktaba Islami Publishers
Date of publication, distribution, etc 2000
270 ## - ADDRESS
Address D307,Dawat Nagar,Abul Fazal Enclave,Jamia Nagar ,
City New Delhi
Postal code 110025
Telephone number 01126971652
Fax number -
300 ## - PHYSICAL DESCRIPTION
Extent 96ص
Dimensions 22 Cm.(B.b)
500 ## - GENERAL NOTE
General note دو حصہ
942 ## - ADDED ENTRY ELEMENTS (KOHA)
Source of classification or shelving scheme Dewey Decimal Classification
Item type Urdu Bks
Classification part 070.4
Call number suffix ع م ر
Edition
Holdings
Withdrawn status Lost status Not for loan Collection code Home library Current library Date acquired Source of acquisition Cost, normal purchase price Full call number Barcode Copy number Cost, replacement price Koha item type
    Not For Loan Non-fiction D.B.Act.Division D.B.Act.Division 01/11/2017 DBAD/PUB. 15.00 070.4 ع م ر U-8428 1 15.00 Urdu Bks

© Delhi Public Library
Hit Counter
free hit counter